[Event "4NCL Division 2c"]
[Site "Birmingham, ENG"]
[Date "2016.04.30"]
[Round "9.221"]
[White "Walker, David J"]
[Black "Cornette, Matthieu"]
[Result "0-1"]
[WhiteElo "2299"]
[BlackElo "2581"]
[PlyCount "80"]
[EventDate "2016.04.30"]
[WhiteTeam "North East England"]
[BlackTeam "Celtic Tigers 1"]

1. c4 b6 2. Nc3 Bb7 3. e4 e5 4. g3 f5 5. Bg2 Nf6 6. d3 Bc5 7. Nf3 fxe4 8. Nxe5
Qe7 9. d4 Bxd4 10. Qxd4 c5 11. Qd1 Qxe5 12. Bf4 Qe6 13. Nb5 O-O 14. Nc7 Qxc4
15. b3 Qc3+ 16. Bd2 Qd4 17. O-O Nc6 18. Nxa8 Bxa8 19. Be3 Qxd1 20. Rfxd1 d5 21.
Bf4 Re8 22. Rd2 h6 23. h4 Nb4 24. Bf1 d4 25. a3 Nbd5 26. b4 e3 27. fxe3 Ne4 28.
Rb2 g5 29. Bb5 Re7 30. hxg5 hxg5 31. Bb8 Nxe3 32. bxc5 bxc5 33. Bd3 c4 34. Bxe4
Bxe4 35. Bd6 Rh7 36. Rh2 Rxh2 37. Kxh2 d3 38. Bb4 Nc2 39. Rc1 Nxb4 40. Rxc4 d2
0-1

[Event "4NCL Division 2c"]
[Site "Birmingham, ENG"]
[Date "2016.04.30"]
[Round "9.222"]
[White "Daulyte, Deimante"]
[Black "Dunn, Andrew"]
[Result "0-1"]
[WhiteElo "2392"]
[BlackElo "2245"]
[PlyCount "176"]
[EventDate "2016.04.30"]
[WhiteTeam "Celtic Tigers 1"]
[BlackTeam "North East England"]

1. e4 c6 2. d4 d5 3. e5 Bf5 4. h4 h5 5. Bd3 Bxd3 6. Qxd3 e6 7. Bg5 Qb6 8. Nd2
Qa6 9. c4 Ne7 10. Ngf3 Nf5 11. O-O Nd7 12. Qc3 dxc4 13. Nxc4 Nb6 14. Ne3 Ne7
15. Nd2 Nbd5 16. Qb3 Qb6 17. Nec4 Qxb3 18. Nd6+ Kd7 19. Nxb3 b6 20. Nxf7 Rg8
21. Nd6 Ng6 22. Ne4 Ngf4 23. Rfd1 a5 24. a3 a4 25. Nc1 Kc7 26. Kf1 Ra5 27. g3
Ng6 28. Nd3 Nge7 29. Nd6 Nc8 30. Bd2 Ra8 31. Nxc8 Kxc8 32. Ke2 Be7 33. f4 Kd7
34. Rac1 b5 35. Rc2 g6 36. Rdc1 Ra6 37. Bb4 Nxb4 38. axb4 Kc7 39. Ke3 Rd8 40.
f5 gxf5 41. Nf4 Kd7 42. Nxh5 Bxb4 43. g4 fxg4 44. Rg1 a3 45. bxa3 Rxa3+ 46. Ke4
g3 47. Nf6+ Kc7 48. Rgc1 Ra6 49. h5 Ba3 50. Rg1 Ra4 51. Rxg3 Raxd4+ 52. Kf3
Rd3+ 53. Kg2 Rxg3+ 54. Kxg3 Bf8 55. Ng4 Rd3+ 56. Kf4 Rh3 57. Kg5 b4 58. h6 b3
59. Rf2 Ba3 60. Kg6 Bc1 61. Rf7+ Kb6 62. Rf8 Ka7 63. Rf7+ Ka6 64. Rf8 b2 65.
Rb8 Rh4 66. Nf6 Rxh6+ 67. Kf7 Ka7 68. Rb3 Rh3 69. Rxh3 b1=Q 70. Kxe6 Qa2+ 71.
Kf5 Qc2+ 72. Ne4 Qc4 73. Rh7+ Kb6 74. Rb7+ Ka6 75. Rd7 Qf1+ 76. Ke6 Ba3 77. Rh7
Qd3 78. Nf6 Qc4+ 79. Kf5 Bb2 80. Re7 Qd3+ 81. Ke6 Qd4 82. Nd7 Qg4+ 83. Kf7 Qf5+
84. Ke8 Ba3 85. Rg7 Qh5+ 86. Rf7 Qh8+ 87. Nf8 Bxf8 88. Rxf8 Qxe5+ 0-1

[Event "4NCL Division 2c"]
[Site "Birmingham, ENG"]
[Date "2016.04.30"]
[Round "9.223"]
[White "Dargan, Paul A G"]
[Black "Hoffmann, Hendrik"]
[Result "1/2-1/2"]
[WhiteElo "2170"]
[BlackElo "2284"]
[PlyCount "28"]
[EventDate "2016.04.30"]
[WhiteTeam "North East England"]
[BlackTeam "Celtic Tigers 1"]

1. e4 d6 2. d4 Nf6 3. Nc3 g6 4. Bg5 Bg7 5. Qd2 O-O 6. O-O-O c6 7. h4 b5 8. Bxf6
Bxf6 9. h5 e5 10. dxe5 dxe5 11. Qxd8 Rxd8 12. Rxd8+ Bxd8 13. Nf3 f6 14. hxg6
hxg6 1/2-1/2

[Event "4NCL Division 2c"]
[Site "Birmingham, ENG"]
[Date "2016.04.30"]
[Round "9.224"]
[White "Maciol, Ryszard"]
[Black "Coathup, Roger H"]
[Result "1/2-1/2"]
[WhiteElo "2174"]
[BlackElo "2147"]
[PlyCount "103"]
[EventDate "2016.04.30"]
[WhiteTeam "Celtic Tigers 1"]
[BlackTeam "North East England"]

1. d4 Nf6 2. c4 g6 3. Nc3 Bg7 4. e4 d6 5. Be2 O-O 6. Bg5 c5 7. d5 e6 8. Qd2
exd5 9. cxd5 Re8 10. f3 a6 11. a4 Qa5 12. Ra3 Nbd7 13. Nh3 Ne5 14. Nf2 Qb4 15.
O-O Nc4 16. Bxc4 Qxc4 17. Nd3 Nd7 18. Rc1 Qd4+ 19. Kh1 Bf8 20. Ne2 Qg7 21. b4
b6 22. Be3 Ne5 23. a5 Nxd3 24. Rxd3 cxb4 25. Bxb6 f5 26. Qxb4 fxe4 27. fxe4 Qe5
28. Ng3 Bh6 29. Bd4 Qe7 30. Rf1 Rf8 31. Rxf8+ Bxf8 32. Rf3 Bg4 33. Rf4 Qd7 34.
Bb2 Re8 35. h3 Bd1 36. Rf1 Ba4 37. Qd2 Bb5 38. Rf2 Bg7 39. e5 dxe5 40. Ne4 Rf8
41. Rxf8+ Kxf8 42. Nc5 Qd6 43. Ne4 Qd7 44. Ng5 Kg8 45. Ne6 Bc6 46. Nxg7 Kxg7
47. Bxe5+ Kg8 48. d6 Qxh3+ 49. Bh2 Qe6 50. Kg1 Kf7 51. Bg3 Qd5 52. Qxd5+
1/2-1/2

[Event "4NCL Division 2c"]
[Site "Birmingham, ENG"]
[Date "2016.04.30"]
[Round "9.225"]
[White "Waters, Clive L"]
[Black "Pedersen, Carsten"]
[Result "0-1"]
[WhiteElo "2207"]
[BlackElo "2144"]
[PlyCount "49"]
[EventDate "2016.04.30"]
[WhiteTeam "North East England"]
[BlackTeam "Celtic Tigers 1"]

1. c4 e5 2. Nc3 Nc6 3. Nf3 f5 4. d4 e4 5. Bg5 Be7 6. Bxe7 Ncxe7 7. Ng5 Ng6 8.
Nh3 Nf6 9. e3 d6 10. g3 O-O 11. Nf4 Nxf4 12. gxf4 c6 13. Be2 Be6 14. Qd2 a6 15.
d5 cxd5 16. Nxd5 Bxd5 17. cxd5 Rc8 18. O-O Qd7 19. Rac1 Rxc1 20. Rxc1 Rc8 21.
a4 Kf8 22. Rxc8+ Qxc8 23. Qb4 Qc7 24. Bc4 a5 25. b3 0-1

[Event "4NCL Division 2c"]
[Site "Birmingham, ENG"]
[Date "2016.04.30"]
[Round "9.226"]
[White "Stevenson, James"]
[Black "Henderson, David"]
[Result "1/2-1/2"]
[WhiteElo "2068"]
[BlackElo "2132"]
[PlyCount "104"]
[EventDate "2016.04.30"]
[WhiteTeam "Celtic Tigers 1"]
[BlackTeam "North East England"]

1. Nf3 d5 2. c4 e6 3. g3 dxc4 4. Bg2 Nf6 5. O-O Be7 6. Qa4+ Nbd7 7. Qxc4 a6 8.
d4 b5 9. Qc2 Bb7 10. Bd2 c5 11. dxc5 Bxc5 12. Nc3 Rc8 13. a3 O-O 14. Rac1 Qe7
15. b4 Bd6 16. Qb3 Nb6 17. Rfd1 h6 18. Be1 Ne4 19. Nxe4 Bxe4 20. Qe3 Bxf3 21.
Qxb6 Rxc1 22. Rxc1 Rb8 23. Qe3 Bxg2 24. Kxg2 a5 25. Qe4 axb4 26. Bxb4 Bxb4 27.
axb4 Qb7 28. Qxb7 Rxb7 29. Rc8+ Kh7 30. h4 Kg6 31. Rc5 Kf6 32. f4 Ke7 33. Kf3
g6 34. h5 Kd6 35. g4 gxh5 36. Rxh5 Rc7 37. Rxb5 Rc3+ 38. e3 Rb3 39. Rb7 f5 40.
g5 hxg5 41. fxg5 e5 42. Ke2 f4 43. exf4 exf4 44. g6 Kc6 45. g7 Rg3 46. Rf7 Kb5
47. Kf2 Kb6 48. Ke2 Kb5 49. Kd2 Kxb4 50. Rxf4+ Kc5 51. Rf7 Kd6 52. Ra7 Ke6
1/2-1/2

[Event "4NCL Division 2c"]
[Site "Birmingham, ENG"]
[Date "2016.04.30"]
[Round "9.227"]
[White "Malola, Prasath.T.S"]
[Black "Way, Julian M"]
[Result "0-1"]
[WhiteElo "2072"]
[BlackElo "2005"]
[PlyCount "96"]
[EventDate "2016.04.30"]
[WhiteTeam "North East England"]
[BlackTeam "Celtic Tigers 1"]

1. e4 d6 2. Nf3 Nf6 3. Nc3 Nbd7 4. Bc4 h6 5. d4 Nb6 6. Bb3 Bg4 7. e5 Nh7 8. h3
Bc8 9. a4 a5 10. Qd3 d5 11. O-O Be6 12. Nh4 Qd7 13. f4 g6 14. Qb5 Qxb5 15. Nxb5
Kd8 16. g4 Rg8 17. Kh2 c6 18. Nc3 g5 19. Ng2 gxf4 20. Nxf4 Kd7 21. Nce2 Ng5 22.
Ng3 Rh8 23. Be3 Ke8 24. h4 Bxg4 25. hxg5 hxg5+ 26. Kg2 gxf4 27. Rxf4 Bh3+ 28.
Kf3 Be6 29. Rf1 Kd7 30. Nf5 Bh6 31. Nxh6 Rxh6 32. Rg1 Rah8 33. Bd2 Rh2 34. Rg2
Nc4 35. Bc3 R8h3+ 36. Kf2 Rxg2+ 37. Kxg2 Ne3+ 38. Kg1 Nd1 39. Bxa5 Nxb2 40. Bb4
Rg3+ 41. Kf2 Rxb3 42. cxb3 Nd3+ 43. Ke3 Nxb4 44. Kd2 b6 45. Kc3 c5 46. a5 bxa5
47. dxc5 Kc6 48. Kd4 Kb5 0-1

[Event "4NCL Division 2c"]
[Site "Birmingham, ENG"]
[Date "2016.04.30"]
[Round "9.228"]
[White "Skulte, Christopher"]
[Black "Moreby, James"]
[Result "0-1"]
[WhiteElo "2011"]
[BlackElo "2008"]
[PlyCount "94"]
[EventDate "2016.04.30"]
[WhiteTeam "Celtic Tigers 1"]
[BlackTeam "North East England"]

1. e4 c5 2. Nf3 d6 3. Nc3 Nf6 4. e5 dxe5 5. Nxe5 a6 6. a4 Qc7 7. Nc4 Nc6 8. Be2
Be6 9. b3 g6 10. Bb2 Bg7 11. Bf3 Nd4 12. O-O h5 13. Re1 Rd8 14. d3 b5 15. axb5
axb5 16. Nd2 b4 17. Na4 g5 18. Ne4 Nxe4 19. Bxe4 f5 20. Bf3 Bf7 21. Ra2 g4 22.
Be2 Be5 23. Bxd4 Bxd4 24. Bf1 h4 25. Re2 g3 26. h3 gxf2+ 27. Kh1 Qg3 28. Nb6
Bh5 29. Ra7 Be5 30. Rxe5 Qxe5 31. Qa1 Qxa1 32. Rxa1 O-O 33. Nc4 Rf6 34. Ra5 Re6
35. g4 fxg4 36. hxg4 Bxg4 37. Rxc5 Rd5 38. Rc8+ Kg7 39. Kg2 Rf5 40. Nd2 Re3 41.
Rc4 Rg3+ 42. Kh2 Bf3 43. Rxh4 Rg1 44. Rh3 Bg4 45. Rh4 Rh5 46. Rxh5 Bxh5 47. Bg2
Be2 0-1

[Event "4NCL Division 2c"]
[Site "Birmingham, ENG"]
[Date "2016.04.30"]
[Round "9.232"]
[White "Tukpetov, Evgeny"]
[Black "Foord, Dominic"]
[Result "1-0"]
[WhiteElo "2305"]
[BlackElo "2102"]
[PlyCount "89"]
[EventDate "2016.04.30"]
[WhiteTeam "Kings Head"]
[BlackTeam "KJCA Kings"]

1. e4 e5 2. Nf3 Nc6 3. c3 d5 4. Qa4 Bd7 5. exd5 Nd4 6. Qd1 Nxf3+ 7. Qxf3 f5 8.
Bc4 Bd6 9. d4 e4 10. Qh5+ g6 11. Qg5 Nf6 12. Bf4 Qe7 13. Nd2 O-O-O 14. Bb3 h6
15. Qg3 g5 16. Bxd6 cxd6 17. Qe3 Ng4 18. Qe2 e3 19. fxe3 Nxe3 20. Nc4 Nxg2+ 21.
Kd2 Qxe2+ 22. Kxe2 Kc7 23. Kd2 f4 24. Rag1 Nh4 25. Bd1 Bf5 26. Re1 b5 27. Na5
f3 28. Nc6 Rde8 29. Re3 Be4 30. Rhe1 f2 31. Rf1 Rhf8 32. Bh5 Bg2 33. Rxe8 Rxe8
34. Rxf2 Re4 35. Rf7+ Kb6 36. Nxa7 Bh3 37. Be2 Rf4 38. Re7 Rf2 39. Nxb5 Nf5 40.
Re6 Bg4 41. c4 Rxh2 42. c5+ Ka5 43. cxd6 Ng3 44. d7 Rxe2+ 45. Kc3 1-0

[Event "4NCL Division 2c"]
[Site "Birmingham, ENG"]
[Date "2016.04.30"]
[Round "9.233"]
[White "Ball, Laurence"]
[Black "Lewis, Alex"]
[Result "1-0"]
[WhiteElo "2093"]
[BlackElo "2177"]
[PlyCount "71"]
[EventDate "2016.04.30"]
[WhiteTeam "KJCA Kings"]
[BlackTeam "Kings Head"]

1. d4 Nf6 2. Nc3 g6 3. e4 d6 4. Nf3 Bg7 5. Be3 O-O 6. Qd2 Re8 7. h3 Nbd7 8. e5
dxe5 9. dxe5 Nh5 10. g4 Nxe5 11. Nxe5 Bxe5 12. gxh5 Bf5 13. O-O-O Qc8 14. hxg6
hxg6 15. Bg2 c6 16. f4 Bg7 17. Kb1 Qe6 18. Qe1 Qc4 19. Bf1 Qb4 20. a3 Qa5 21.
Bd4 e5 22. fxe5 c5 23. Bf2 Bxe5 24. Bd3 Bg7 25. Qg1 Bxc3 26. bxc3 c4 27. Bxf5
Qxf5 28. Bd4 Re2 29. Rc1 Rae8 30. Rh2 Qb5+ 31. Ka1 Qa5 32. Rxe2 Qxa3+ 33. Kb1
Rxe2 34. Re1 Qe7 35. Rxe2 Qxe2 36. Qe3 1-0

[Event "4NCL Division 2c"]
[Site "Birmingham, ENG"]
[Date "2016.04.30"]
[Round "9.234"]
[White "Kwiatkowski, Feliks J"]
[Black "Golding, James"]
[Result "1-0"]
[WhiteElo "2226"]
[BlackElo "2095"]
[PlyCount "73"]
[EventDate "2016.04.30"]
[WhiteTeam "Kings Head"]
[BlackTeam "KJCA Kings"]

1. e4 e5 2. Nf3 Nc6 3. Bb5 a6 4. Ba4 Nf6 5. O-O b5 6. Bb3 Bc5 7. c3 d6 8. d4
Bb6 9. Be3 O-O 10. Nbd2 Re8 11. h3 Bd7 12. d5 Ne7 13. Bxb6 cxb6 14. Re1 Ng6 15.
a4 Nf4 16. axb5 axb5 17. Bc2 Rxa1 18. Qxa1 Qc8 19. Re3 N6h5 20. Ne1 Bxh3 21.
gxh3 Nxh3+ 22. Kf1 Qg4 23. Ndf3 N3f4 24. Ng1 Qh4 25. Bd1 Nf6 26. Qa6 g5 27.
Qxb6 g4 28. Qxd6 Qg5 29. Ng2 h5 30. Qc6 h4 31. Nxh4 Qxh4 32. Rg3 Kh7 33. Bxg4
Nxg4 34. Qxe8 Nh2+ 35. Ke1 Qh5 36. Qg8+ Kh6 37. Qh8# 1-0

[Event "4NCL Division 2c"]
[Site "Birmingham, ENG"]
[Date "2016.04.30"]
[Round "9.235"]
[White "Lunn, Matthew"]
[Black "Davey, Mark"]
[Result "1-0"]
[WhiteElo "2051"]
[BlackElo "2048"]
[PlyCount "99"]
[EventDate "2016.04.30"]
[WhiteTeam "KJCA Kings"]
[BlackTeam "Kings Head"]

1. d4 Nf6 2. c4 e6 3. Nc3 Bb4 4. Qc2 c5 5. dxc5 Bxc5 6. Nf3 Qb6 7. e3 Nc6 8. a3
Qc7 9. b4 Be7 10. Bb2 O-O 11. Bd3 b6 12. Rd1 h6 13. O-O Bb7 14. e4 Rac8 15.
Rfe1 a6 16. e5 Ng4 17. Qe2 f6 18. Qe4 f5 19. Qe2 h5 20. Bc1 Kh7 21. h3 Nh6 22.
Ng5+ Kg8 23. f4 g6 24. Nf3 a5 25. b5 Nd8 26. Qf2 Bxf3 27. Qxf3 Nb7 28. Na4 Nc5
29. Nxc5 Bxc5+ 30. Kh1 Kg7 31. Bf1 Rcd8 32. Be3 Bxa3 33. Bxb6 Qxb6 34. Qxa3
Rfe8 35. c5 Qc7 36. Rc1 Ra8 37. Qa4 Qb7 38. Red1 Rec8 39. b6 Rd8 40. Bb5 Rac8
41. Bxd7 Rb8 42. c6 Qxb6 43. c7 Ng4 44. hxg4 hxg4 45. cxb8=Q Qxb8 46. Bxe6 Rh8+
47. Kg1 Qb6+ 48. Qd4 Qxe6 49. Qd7+ Qxd7 50. Rxd7+ 1-0

[Event "4NCL Division 2c"]
[Site "Birmingham, ENG"]
[Date "2016.04.30"]
[Round "9.236"]
[White "Disu, Kayode"]
[Black "Hand, Freddie"]
[Result "1/2-1/2"]
[WhiteElo "1953"]
[BlackElo "2000"]
[PlyCount "112"]
[EventDate "2016.04.30"]
[WhiteTeam "Kings Head"]
[BlackTeam "KJCA Kings"]

1. d4 d5 2. c4 c6 3. Nc3 Nf6 4. e3 e6 5. Nf3 Nbd7 6. Qc2 Bd6 7. Bd3 dxc4 8.
Bxc4 b5 9. Bd3 Bb7 10. a3 a6 11. b4 a5 12. Rb1 Qe7 13. Qb3 O-O 14. O-O axb4 15.
axb4 Rfd8 16. e4 e5 17. Be3 Rac8 18. Rfd1 Bb8 19. dxe5 Nxe5 20. Nxe5 Bxe5 21.
Bc5 Bd6 22. Bxd6 Rxd6 23. f3 Rcd8 24. Bf1 h5 25. Rxd6 Rxd6 26. Rd1 Rxd1 27.
Nxd1 Nd7 28. Ne3 Ne5 29. Nf5 Qf6 30. Qe3 Bc8 31. Nd4 Qd6 32. Qc3 Bd7 33. Nb3
Be6 34. Na5 h4 35. f4 Ng4 36. h3 Nh6 37. f5 Bd7 38. Nb7 Qf4 39. Qd3 Qc7 40. Nc5
Be8 41. Qd4 Qe7 42. Bd3 Qf6 43. e5 Qg5 44. Qe4 g6 45. fxg6 fxg6 46. Qd4 Nf7 47.
e6 Ne5 48. Be4 Qc1+ 49. Kh2 Qf4+ 50. Kh1 Qc1+ 51. Qg1 Qd2 52. Qb1 Kf8 53. Qa1
Qf4 54. Qd4 Qc1+ 55. Kh2 Qf4+ 56. Kh1 Qc1+ 1/2-1/2

[Event "4NCL Division 2c"]
[Site "Birmingham, ENG"]
[Date "2016.04.30"]
[Round "9.237"]
[White "Anilkumar, Anantha P"]
[Black "Gilfillan, Andrew"]
[Result "0-1"]
[WhiteElo "1945"]
[BlackElo "1964"]
[PlyCount "72"]
[EventDate "2016.04.30"]
[WhiteTeam "KJCA Kings"]
[BlackTeam "Kings Head"]

1. d4 d5 2. c4 dxc4 3. e4 Nf6 4. e5 Nd5 5. Bxc4 e6 6. Nf3 c6 7. O-O Be7 8. Nc3
Nd7 9. Ne1 Nxc3 10. bxc3 Nxe5 11. Bb3 Ng6 12. Nd3 O-O 13. Bc2 b6 14. f4 Bb7 15.
Be3 Qd5 16. Qe2 c5 17. Rfd1 c4 18. Ne5 b5 19. Rd2 f5 20. Rf1 a5 21. Rf3 Rf6 22.
Rh3 Rc8 23. Qh5 Nf8 24. Rf2 b4 25. cxb4 axb4 26. Ba4 g6 27. Qh6 Rc7 28. Nd7
Rxd7 29. Bxd7 Qxd7 30. Rc2 Qd5 31. Rg3 Rf7 32. h4 Rg7 33. h5 c3 34. hxg6 Rxg6
35. Rxg6+ Nxg6 36. Qh5 Ba6 0-1

[Event "4NCL Division 2c"]
[Site "Birmingham, ENG"]
[Date "2016.04.30"]
[Round "9.238"]
[White "Zhang, Harvey Y"]
[Black "Verma, Aditya"]
[Result "0-1"]
[WhiteElo "1715"]
[BlackElo "1915"]
[PlyCount "58"]
[EventDate "2016.04.30"]
[WhiteTeam "Kings Head"]
[BlackTeam "KJCA Kings"]

1. d4 d5 2. Nf3 Nf6 3. c4 c6 4. Nc3 e6 5. e3 Nbd7 6. b3 Bb4 7. Bd2 O-O 8. Bd3
Qe7 9. a3 Bxa3 10. Rxa3 Qxa3 11. c5 b5 12. Bxb5 cxb5 13. Nxb5 Qa6 14. Nc7 Qc6
15. Nxa8 Qxa8 16. O-O Ba6 17. Re1 Rb8 18. b4 Qc6 19. Qb3 Ne4 20. Bc1 Bc4 21.
Qa3 a6 22. Nd2 Nxd2 23. Bxd2 Nf6 24. f3 Ne8 25. e4 Nc7 26. e5 Nb5 27. Qb2 Na7
28. Qa3 Qb5 29. Kf2 Nc6 0-1

[Event "4NCL Division 2c"]
[Site "Birmingham, ENG"]
[Date "2016.04.30"]
[Round "9.241"]
[White "Mayhew, Andrew"]
[Black "Tavares, Shawn P"]
[Result "1-0"]
[WhiteElo "2335"]
[BlackElo "2146"]
[PlyCount "89"]
[EventDate "2016.04.30"]
[WhiteTeam "Anglian Avengers 1"]
[BlackTeam "Grantham Sharks 2"]

1. e4 c5 2. d3 e6 3. f4 d5 4. Be2 Nf6 5. e5 Nfd7 6. Nf3 f6 7. c4 d4 8. O-O Be7
9. exf6 Bxf6 10. Nbd2 O-O 11. Ne4 Nc6 12. Bd2 Be7 13. Qe1 Nf6 14. Nfg5 Bd7 15.
Qg3 Nxe4 16. Nxe4 Bh4 17. Qh3 b6 18. Bg4 Qe7 19. g3 Bf6 20. Rae1 Rae8 21. Rf2
g6 22. Ree2 h5 23. Bf3 Nd8 24. g4 Bh4 25. Rf1 e5 26. Qg2 Kh8 27. Kh1 exf4 28.
gxh5 g5 29. Be1 Rg8 30. Bxh4 gxh4 31. Qf2 Bc6 32. b4 Nf7 33. bxc5 bxc5 34. Bg2
h3 35. Bxh3 Ng5 36. Bg2 f3 37. Bxf3 Ref8 38. Nxg5 Qxg5 39. Bxc6 Rxf2 40. Rexf2
Qxh5 41. Bd5 Rd8 42. Rf5 Qe2 43. Rg1 Rd7 44. Rf8+ Kh7 45. Be4+ 1-0

[Event "4NCL Division 2c"]
[Site "Birmingham, ENG"]
[Date "2016.04.30"]
[Round "9.242"]
[White "Cumbers, Paul"]
[Black "Spence, David J"]
[Result "1/2-1/2"]
[WhiteElo "2173"]
[BlackElo "2312"]
[PlyCount "106"]
[EventDate "2016.04.30"]
[WhiteTeam "Grantham Sharks 2"]
[BlackTeam "Anglian Avengers 1"]

1. d4 e6 2. c4 Nf6 3. Nc3 Bb4 4. f3 Nc6 5. e4 d5 6. cxd5 exd5 7. e5 Ng8 8. Bb5
Bd7 9. Bxc6 Bxc6 10. Nge2 Ne7 11. O-O Qd7 12. a3 Ba5 13. b4 Bb6 14. a4 a6 15.
Ba3 Ba7 16. b5 axb5 17. axb5 Bxb5 18. Nxb5 Qxb5 19. Qd2 Qd7 20. Qg5 Nf5 21. Kh1
h6 22. Qd2 Ne7 23. f4 O-O 24. f5 Rfe8 25. f6 Ng6 26. Ng3 Bxd4 27. Qxd4 Ra4 28.
Qd2 Rxe5 29. Bb2 Rxa1 30. Rxa1 d4 31. Ra8+ Kh7 32. fxg7 Kxg7 33. Qxd4 Kh7 34.
h3 Re1+ 35. Kh2 Qxd4 36. Bxd4 Rd1 37. Be3 Rd3 38. Nf5 Nh4 39. Nxh4 Rxe3 40. Rc8
Rc3 41. Nf3 Kg6 42. Kg3 Kf5 43. Rh8 Kg6 44. Kf4 Rc2 45. Ke4 Kg7 46. Rb8 Rxg2
47. Rxb7 Rg3 48. h4 Rg4+ 49. Ke5 Kg6 50. Rxc7 f6+ 51. Kd6 Rf4 52. Rc3 Kh5 53.
Ke6 Kg4 1/2-1/2

[Event "4NCL Division 2c"]
[Site "Birmingham, ENG"]
[Date "2016.04.30"]
[Round "9.243"]
[White "Talsma, Paul"]
[Black "Birtwistle, Nigel"]
[Result "1-0"]
[WhiteElo "2237"]
[BlackElo "2119"]
[PlyCount "53"]
[EventDate "2016.04.30"]
[WhiteTeam "Anglian Avengers 1"]
[BlackTeam "Grantham Sharks 2"]

1. d4 Nf6 2. c4 c5 3. d5 b5 4. cxb5 a6 5. f3 e6 6. e4 axb5 7. Bxb5 Ba6 8. Bxa6
Nxa6 9. Ne2 c4 10. O-O Qb6+ 11. Kh1 Nb4 12. Na3 Rc8 13. Nc3 Nd3 14. Nxc4 Nf2+
15. Rxf2 Qxf2 16. Be3 Qh4 17. g3 Qh5 18. Nb6 Bc5 19. Nxc8 Bxe3 20. Nd6+ Ke7 21.
Nc4 Bc5 22. d6+ Kf8 23. e5 Ne8 24. Ne4 Ba7 25. Kg2 f5 26. Nc3 f4 27. Qa4 1-0

[Event "4NCL Division 2c"]
[Site "Birmingham, ENG"]
[Date "2016.04.30"]
[Round "9.244"]
[White "Murphy, Hugh W"]
[Black "Player, Edmund C"]
[Result "0-1"]
[WhiteElo "2109"]
[BlackElo "2223"]
[PlyCount "80"]
[EventDate "2016.04.30"]
[WhiteTeam "Grantham Sharks 2"]
[BlackTeam "Anglian Avengers 1"]

1. d4 d5 2. Nf3 Nf6 3. e3 Bg4 4. h3 Bh5 5. g4 Bg6 6. Ne5 Nfd7 7. Nxg6 hxg6 8.
c4 dxc4 9. Bxc4 Nb6 10. Bb3 e6 11. Nc3 c6 12. e4 Na6 13. Be3 Be7 14. Qf3 Bg5
15. O-O-O Qe7 16. Bxg5 Qxg5+ 17. Kb1 Qf6 18. Qg3 O-O-O 19. d5 e5 20. dxc6 bxc6
21. Qe3 Qe7 22. Rc1 Kb7 23. Na4 Rd4 24. Qc3 Rc8 25. Nxb6 axb6 26. Rhd1 Qd7 27.
f4 f6 28. fxe5 fxe5 29. Rf1 Rc7 30. Rf7 Qd6 31. Rcf1 Rxe4 32. a3 Rf4 33. R1xf4
exf4 34. Qxg7 f3 35. Qf6 Qd3+ 36. Ka2 Rxf7 37. Qxf7+ Nc7 38. Bc4 Qe4 39. g5 b5
40. Bb3 Qe2 0-1

[Event "4NCL Division 2c"]
[Site "Birmingham, ENG"]
[Date "2016.04.30"]
[Round "9.245"]
[White "Moore, Graham J"]
[Black "Willis, Rupert"]
[Result "0-1"]
[WhiteElo "2207"]
[BlackElo "2157"]
[PlyCount "140"]
[EventDate "2016.04.30"]
[WhiteTeam "Anglian Avengers 1"]
[BlackTeam "Grantham Sharks 2"]

1. e4 e6 2. d4 d5 3. e5 c5 4. c3 Nc6 5. Nf3 Bd7 6. a3 f6 7. Bd3 Qc7 8. Bf4
O-O-O 9. Bg3 f5 10. b4 c4 11. Be2 Nh6 12. Ng5 Be7 13. h4 Rdf8 14. Bf4 Nd8 15.
Nd2 Nhf7 16. Ndf3 h6 17. Nxf7 Nxf7 18. h5 Qd8 19. g3 Ng5 20. Qd2 Be8 21. Qe3
Ne4 22. Nd2 Ba4 23. Nf1 Qe8 24. f3 Ng5 25. Qd2 Bd8 26. Ne3 g6 27. hxg6 Qxg6 28.
Nc2 Nf7 29. O-O-O Bg5 30. Rdg1 Rfg8 31. Kb2 h5 32. Bxg5 Qxg5 33. Qxg5 Nxg5 34.
Ne3 Nf7 35. Rh4 Be8 36. f4 Rh7 37. Nf1 Rgh8 38. Rgh1 Nd8 39. Bd1 Nc6 40. Ba4
Nxb4 41. Bxe8 Nd3+ 42. Kc2 Rxe8 43. Rxh5 Rxh5 44. Rxh5 Re7 45. Nd2 Rg7 46. Nf1
Nf2 47. Rh8+ Kc7 48. Re8 Rg6 49. Re7+ Kc6 50. Nd2 Rh6 51. a4 a5 52. Kc1 b5 53.
axb5+ Kxb5 54. Rb7+ Kc6 55. Re7 a4 56. Kb2 Nd1+ 57. Ka3 Nxc3 58. Nf3 Ne2 59.
Kxa4 Rg6 60. Kb4 c3 61. Kb3 Rxg3 62. Rxe6+ Kb5 63. Rd6 Rxf3 64. Rxd5+ Kc6 65.
Rc5+ Kb6 66. Rd5 Rxf4 67. Rd6+ Kc7 68. d5 Nd4+ 69. Ka2 c2 70. Kb2 Rf1 0-1

[Event "4NCL Division 2c"]
[Site "Birmingham, ENG"]
[Date "2016.04.30"]
[Round "9.246"]
[White "Varnam, Liam D"]
[Black "Bayford, Jim R"]
[Result "1-0"]
[WhiteElo "2139"]
[BlackElo "2132"]
[PlyCount "119"]
[EventDate "2016.04.30"]
[WhiteTeam "Grantham Sharks 2"]
[BlackTeam "Anglian Avengers 1"]

1. e4 e6 2. d4 d5 3. Nc3 Bb4 4. e5 c5 5. a3 Bxc3+ 6. bxc3 Ne7 7. Nf3 Bd7 8. a4
Qa5 9. Bd2 Nbc6 10. Bd3 c4 11. Be2 f6 12. O-O Ng6 13. Re1 O-O-O 14. Bf1 Rhf8
15. g3 Rf7 16. h4 Rdf8 17. h5 Nge7 18. exf6 Rxf6 19. Bg2 h6 20. Ra3 Be8 21. g4
Bd7 22. Be3 Nd8 23. g5 Rf5 24. Ne5 hxg5 25. Bh3 Bxa4 26. Bxf5 Rxf5 27. Qg4 b5
28. Bxg5 Qc7 29. Qh4 Ng8 30. Bxd8 Qxd8 31. Qxd8+ Kxd8 32. Nc6+ Kd7 33. Nxa7
Rxh5 34. Ra2 Nf6 35. f3 Rh8 36. Rb1 Ra8 37. Nxb5 Kc6 38. Rb4 Nh5 39. Raxa4 Rxa4
40. Rxa4 Kxb5 41. Ra7 Kc6 42. Rf7 Ng3 43. Kf2 Nf5 44. f4 Nd6 45. Rxg7 Ne4+ 46.
Ke3 Nxc3 47. Rg6 Kd7 48. f5 exf5 49. Kf4 Nd1 50. Ke5 Ne3 51. c3 Nd1 52. Rg3 Kc6
53. Kxf5 Nb2 54. Rg6+ Kd7 55. Ra6 Nd3 56. Kf6 Kc7 57. Ke6 Kb7 58. Rd6 Nf4+ 59.
Ke5 Ne2 60. Rxd5 1-0

[Event "4NCL Division 2c"]
[Site "Birmingham, ENG"]
[Date "2016.04.30"]
[Round "9.247"]
[White "Gallagher, Daniel GH"]
[Black "Purton, Ben J"]
[Result "1-0"]
[WhiteElo "2125"]
[BlackElo "2177"]
[PlyCount "81"]
[EventDate "2016.04.30"]
[WhiteTeam "Anglian Avengers 1"]
[BlackTeam "Grantham Sharks 2"]

1. e4 c5 2. Nf3 d6 3. d4 cxd4 4. Nxd4 Nf6 5. Nc3 a6 6. Bg5 e6 7. f4 Nbd7 8. Qf3
Qc7 9. O-O-O b5 10. Bd3 Bb7 11. Rhe1 Be7 12. Qg3 O-O 13. e5 dxe5 14. fxe5 Nd5
15. Bxe7 Nxe7 16. Bxh7+ Kxh7 17. Qh4+ Kg8 18. Qxe7 Rad8 19. Rd3 Rfe8 20. Qg5
Qc5 21. Rg3 Qf8 22. Ne4 Bxe4 23. Rxe4 f6 24. exf6 Qxf6 25. Nf3 Qxg5+ 26. Rxg5
Nf6 27. Rd4 Rd5 28. Rdxd5 exd5 29. Re5 Kf8 30. Rxe8+ Nxe8 31. Kd2 Ke7 32. Ke3
Nc7 33. Nd4 Kf6 34. h4 g6 35. Kf4 Ne8 36. g4 Nd6 37. g5+ Ke7 38. Nc6+ Kf7 39.
Nb4 Ke6 40. Nxa6 Nf5 41. h5 1-0

[Event "4NCL Division 2c"]
[Site "Birmingham, ENG"]
[Date "2016.04.30"]
[Round "9.248"]
[White "Summerscale, Claire E"]
[Black "Gregory, Stephen J"]
[Result "1/2-1/2"]
[WhiteElo "1890"]
[BlackElo "2117"]
[PlyCount "93"]
[EventDate "2016.04.30"]
[WhiteTeam "Grantham Sharks 2"]
[BlackTeam "Anglian Avengers 1"]

1. d4 Nf6 2. Nf3 d6 3. e3 g6 4. Bd3 Bg7 5. c4 O-O 6. O-O Nbd7 7. Qc2 e5 8. b3
Re8 9. Nbd2 Qe7 10. dxe5 dxe5 11. e4 Nh5 12. g3 Nf8 13. c5 Bg4 14. Bc4 Rad8 15.
Bb2 Kh8 16. b4 f6 17. Ne1 Bh6 18. Nb3 Ne6 19. Ng2 Ng5 20. Be2 Qe6 21. f3 Bh3
22. g4 Bxg2 23. Kxg2 Nf4+ 24. Kh1 c6 25. Bc4 Qe7 26. Bc1 Bg7 27. Be3 Rd7 28.
Rad1 Red8 29. Bxf4 exf4 30. Qe2 h5 31. gxh5 gxh5 32. a4 Qe5 33. Rxd7 Rxd7 34.
h4 Nh7 35. Qc2 Qe7 36. Qh2 Qe5 37. Qh3 Nf8 38. Rg1 Qc3 39. Rc1 Qe3 40. Rg1 Re7
41. Qf1 Qc3 42. b5 Qb4 43. bxc6 bxc6 44. a5 Qc3 45. Rg2 Nd7 46. Rd2 Kh7 47. Qd3
1/2-1/2